00733cam a22002171 4500001000800000005001700008008004100025010001700066040001800083041000800101080001400109082001400123100000700137101000800144245012600152740005000278906004500328942001200373999001700385952011300402169352320180316044036.0730116s1958 nyu 000 0 eng  a 58000159  aDLCcDLCdDLC aeng a423.1 ROG00a423.1 ROG a23 aFJA04aThe New American Roget's college thesaurus in dictionary form.c[Prepared and edited by the National Lexicographic Board. aRoget's college thesaurus in dictionary form. a7bcbccorignewdueocipf19gy-gencatlg 2ddccBK c45211d45211 00102udc40708PËKGa002b002cPËKGd2018-03-16l0o423.1 ROGp002-3001610r2018-03-16w2018-03-16yBK